000 00559nam a22001817a 4500
005 20170828145326.0
008 100526t xxu||||| |||| 00| 0 eng d
020 _a8170003172
_c595.00
035 _aB-058720
037 _bDBAD/PUB
040 _aDPL
_bENG
082 _a000
100 _aLal,C
245 _aUGC (NET) Examination guide paper -I (Objetive Questions) :
_b(General awareness and reasion ing) [for net, (UGC), set and other examinations] /
_cby C.Lal , K. Kumar
300 _a477p. ;
_c22 cm.(HB)
700 _aK.Kumar
942 _2ddc
_cEN
_mLAL
999 _c36342
_d36342